| 000 | 00672nam a22001697a 4500 | ||
|---|---|---|---|
| 008 | 100708t ua|||||r|||| 001 0 ara d | ||
| 082 |
_222 _a240 _bس ا ب |
||
| 100 |
_aسابق، السيد _916068 |
||
| 245 |
_aالعقائد الاسلامية / _cالسيد سابق |
||
| 250 | _aط2 | ||
| 260 |
_a[القاهرة] : _bدار النصر للطباعة ، _c1967 |
||
| 300 |
_a311 ص ؛ _c22 سم |
||
| 541 |
_aالف باء ؛ _cشراء ؛ |
||
| 650 |
_916065 _aعلم الكلام |
||
| 942 |
_2ddc _cBB |
||
| 999 |
_c14436 _d14436 |
||